Score 0/25 Timer 05:00
1 Play Today
A-Z Character % Correct
HDr. Gregory House (House, M.D.)
89.2%
EDr. Evil (Austin Powers: International Man of Mystery)
85.4%
LDr. Hannibal Lecter (The Silence of the Lambs)
82.5%
DDr. John Dolittle (Dr. Dolittle)
79.9%
FDr. Frederick Frankenstein (Young Frankenstein)
79.4%
WDr. John Watson (Sherlock)
77.2%
SDr. Stephen Strange (Doctor Strange)
77.2%
XProf. Charles Xavier (X-Men)
76.6%
MDr. Mario (Dr. Mario)
76.2%
BEmmett 'Doc' Brown, PhD (Back to the Future)
67.8%
CDr. Frasier Crane (Frasier)
64.4%
QDr. Mike Quinn (Dr. Quinn, Medicine Woman)
61.7%
ODr. Otto Octavius (Spider-Man 2)
60%
A-Z Character % Correct
ZDr. John Zoidberg (Futurama)
53.5%
NDr. Julius No (Dr. No)
50.8%
VPeter Venkman, PhD (Ghostbusters)
48.7%
YDr. Cristina Yang (Grey's Anatomy)
48.1%
JDr. Henry Jekyll (Dr. Jekyll and Mr. Hyde)
42.5%
PDr. Hank Pym (Ant-Man)
32.6%
KDr. Richard Kimble (The Fugitive)
32.4%
IDr. Pamela Isley (Batman & Robin)
31.6%
GGil Grissom, PhD (CSI: Crime Scene Investigation)
26.9%
TDr. Teeth (The Muppet Show)
25.6%
RDr. Spencer Reid (Criminal Minds)
21.1%
ADr. Mary Albright (3rd Rock from the Sun)
12.9%
Come Together.
Have Fun.
All Virtual.
We all need to come together. Play Sporcle's virtual live trivia to have fun, connect with people, and get your trivia on. Join a live hosted trivia game for your favorite pub trivia experience done virtually. If a virtual private party is more your thing, go here for details.

You're not logged in!

Compare scores with friends on all Sporcle quizzes.
OR
Log In

Sporcle TV

Today on Sporcle TV


Watch our educational content, quiz creation guides, and fun videos on Sporcle TV.

Show Comments

Extras

Top Quizzes Today


Score Distribution

Paid Content

Your Account Isn't Verified!

In order to create a playlist on Sporcle, you need to verify the email address you used during registration. Go to your Sporcle Settings to finish the process.

Report this User

Report this user for behavior that violates our Community Guidelines.

Details: